Statistics for G League Teams (NBA)

Click here to take the quiz!

General Stats

  • This quiz has been taken 9 times
  • The average score is 22 of 27

Answer Stats

NBA TeamG League Team% Correct
Boston CelticsMaine Red Claws
83%
Brooklyn NetsLong Island Nets
83%
Oklahoma City ThunderOklahoma City Blue
83%
Minnesota TimberwolvesIowa Wolves
83%
San Antonio SpursAustin Spurs
83%
Memphis GrizzliesMemphis Hustle
83%
Dallas MavericksTexas Legends
83%
Phoenix SunsNorthern Arizona Suns
83%
Los Angeles LakersSouth Bay Lakers
83%
Los Angeles ClippersAgua Caliente Clippers
83%
Golden State WarriorsSanta Cruz Warriors
83%
Washington WizardsCapital City Go-Go
83%
Orlando MagicLakeland Magic
83%
Miami HeatSioux Falls Skyforce
83%
Charlotte HornetsGreensboro Swarm
83%
Atlanta HawksErie Bayhawks
83%
Milwaukee BucksWisconsin Herd
83%
Indiana PacersFort Wayne Mad Ants
83%
Cleveland CavaliersCanton Charge
83%
Chicago BullsWindy City Bulls
83%
Toronto RaptorsRaptors 905
83%
New York KnicksWestchester Knicks
83%
Detroit PistonsGrand Rapids Drive
67%
Sacramento KingsStockton Kings
67%
Houston RocketsRio Grande Valley Vipers
67%
Utah JazzSalt Lake City Stars
67%
Philadelphia 76ersDelaware Blue Coats
50%

Score Distribution

Percentile by Number Answered

Percent of People with Each Score

Your Score History

You have not taken this quiz